[Event "Titled Tue 3rd Jan Late"]
[Site "chess.com INT"]
[Date "2025.06.03"]
[Round "1"]
[White "Fernandes, Rogerio Paulo Muller"]
[Black "Ozates, Tuna"]
[Result "0-1"]
[BlackTitle "FM"]
[WhiteElo "2241"]
[BlackElo "2217"]
[WhiteFideId "2101599"]
[BlackFideId "6354521"]
[EventDate "2025.06.03"]

1. c4 Nf6 2. g3 g6 3. Bg2 Bg7 4. Nf3 O-O 5. O-O d6 6. Nc3 e5 7. Rb1 a5 8. a3 Bf5
9. d3 e4 10. Nh4 exd3 11. Nxf5 dxe2 12. Qxe2 gxf5 13. Qd3 Nc6 14. Qxf5 Re8 15.
Bg5 Nd4 16. Qf4 Ne6 17. Qh4 Nxg5 18. Qxg5 Re5 19. Qd2 c6 20. Rfe1 Qe7 21. Rxe5
dxe5 22. Rd1 Re8 23. Ne4 Nxe4 24. Bxe4 Qe6 25. b3 f5 26. Bc2 e4 27. Qd7 Qe5 28.
Qd2 Qc5 29. a4 e3 30. fxe3 Rxe3 31. Kg2 Qe5 32. Kf2 f4 33. Re1 fxg3+ 0-1

[Event "Titled Tue 3rd Jan Late"]
[Site "chess.com INT"]
[Date "2025.06.03"]
[Round "1"]
[White "Zilberstein, Dmitry"]
[Black "Bustelo, Tabare"]
[Result "1-0"]
[WhiteTitle "IM"]
[BlackTitle "CM"]
[WhiteElo "2358"]
[BlackElo "2043"]
[WhiteFideId "2010739"]
[BlackFideId "3000362"]
[EventDate "2025.06.03"]

1. e4 e5 2. Nf3 f5 3. d4 fxe4 4. Nxe5 Nf6 5. Nc3 d6 6. Nc4 Nbd7 7. Bg5 Be7 8. f3
d5 9. Ne5 exf3 10. Qxf3 c6 11. Bd3 O-O 12. O-O Nxe5 13. dxe5 Bg4 14. Qg3 Qb6+
15. Kh1 Qxb2 16. exf6 Bxf6 17. Bxf6 Rxf6 18. Rfb1 Qxc3 19. Bxh7+ Kxh7 20. Qxc3
Raf8 21. h3 Bf5 22. Rxb7 Be4 23. Rg1 Rf2 24. Qxg7# 1-0

[Event "Titled Tue 3rd Jan Late"]
[Site "chess.com INT"]
[Date "2025.06.03"]
[Round "1"]
[White "Bian, Alex"]
[Black "Zhigalko, Sergei"]
[Result "0-1"]
[WhiteTitle "FM"]
[BlackTitle "GM"]
[WhiteElo "2342"]
[BlackElo "2572"]
[WhiteFideId "2056372"]
[BlackFideId "13502956"]
[EventDate "2025.06.03"]

1. e4 c5 2. Nf3 d6 3. d4 cxd4 4. Nxd4 Nf6 5. Nc3 a6 6. Bg5 Nbd7 7. Qe2 h6 8. Bh4
g6 9. f4 e5 10. O-O-O Be7 11. fxe5 dxe5 12. Bxf6 Bxf6 13. Nf3 O-O 14. Qf2 b5 15.
Nd5 Bg7 16. Be2 Bb7 17. Rhf1 Rc8 18. Kb1 Bxd5 19. Rxd5 Qc7 20. Rc1 Nf6 21. Rdd1
Nxe4 22. Qe3 Nd6 23. c3 Rfe8 24. Rd5 Nf5 25. Qe4 Nd6 26. Qe3 e4 27. Nh4 Nc4 28.
Bxc4 Qxc4 29. Rcd1 b4 30. b3 Qxc3 31. Qxc3 Bxc3 32. Rc1 Rcd8 33. Ra5 e3 34. Nf3
e2 35. Kc2 e1=Q 36. Nxe1 Rd2+ 37. Kb1 Rb2+ 38. Ka1 Rxb3+ 39. Rxc3 Rxe1+ 0-1

[Event "Titled Tue 3rd Jan Late"]
[Site "chess.com INT"]
[Date "2025.06.03"]
[Round "1"]
[White "Navoyan, Gagik"]
[Black "Levano Loayza, Adriano Jaffet"]
[Result "1-0"]
[WhiteTitle "CM"]
[BlackTitle "CM"]
[WhiteElo "2186"]
[BlackElo "2049"]
[WhiteFideId "13314866"]
[BlackFideId "3865584"]
[EventDate "2025.06.03"]

1. e4 c5 2. Nf3 d6 3. d4 cxd4 4. Nxd4 Nf6 5. Nc3 Nc6 6. Bc4 e6 7. Bb3 Be7 8. Be3
O-O 9. f4 Bd7 10. Qf3 Nxd4 11. Bxd4 Bc6 12. O-O b5 13. a3 a5 14. Rae1 b4 15.
axb4 axb4 16. Nd1 Qc7 17. Nf2 Rfd8 18. Nd3 Qb7 19. Nf2 Bb5 20. Nd3 Bc6 21. Nf2
Bb5 22. f5 e5 23. Be3 Bxf1 24. Rxf1 Rab8 25. g4 d5 26. g5 Nxe4 27. Nxe4 dxe4 28.
Qh5 Bf8 29. g6 h6 30. f6 gxf6 31. Rxf6 Bg7 32. Rxf7 Qb5 33. Rxg7+ Kxg7 34. Bxh6+
Kf6 35. Qg5# 1-0

[Event "Titled Tue 3rd Jan Late"]
[Site "chess.com INT"]
[Date "2025.06.03"]
[Round "1"]
[White "Uzuner, Tufan Can"]
[Black "Sanal, Vahap"]
[Result "0-1"]
[WhiteTitle "CM"]
[BlackTitle "GM"]
[WhiteElo "1886"]
[BlackElo "2555"]
[WhiteFideId "6300499"]
[BlackFideId "6300545"]
[EventDate "2025.06.03"]

1. d4 d5 2. Nf3 Nf6 3. c4 c6 4. Nc3 e6 5. cxd5 exd5 6. Bg5 Be7 7. e3 h6 8. Bh4
O-O 9. Bd3 Ne4 10. Bxe7 Qxe7 11. Bxe4 dxe4 12. Nd2 Bf5 13. Qb3 Na6 14. O-O-O Nb4
15. Kb1 a5 16. Na4 Be6 17. Qc3 Bxa2+ 18. Ka1 Qe6 19. Nc5 Qd5 20. Ncxe4 f5 21.
Nc5 Qxg2 22. Rhg1 Qd5 23. e4 fxe4 24. Ndxe4 b6 25. Qg3 Ra7 0-1

[Event "Titled Tue 3rd Jan Late"]
[Site "chess.com INT"]
[Date "2025.06.03"]
[Round "1"]
[White "Raptis, Nick"]
[Black "Casadio, Niccolo'"]
[Result "1-0"]
[WhiteTitle "FM"]
[BlackTitle "FM"]
[WhiteElo "2220"]
[BlackElo "2249"]
[WhiteFideId "2016850"]
[BlackFideId "2827951"]
[EventDate "2025.06.03"]

1. d4 d5 2. Nc3 Nf6 3. Bg5 e6 4. e4 dxe4 5. Nxe4 Be7 6. Bxf6 gxf6 7. Nf3 f5 8.
Ng3 h5 9. Bd3 h4 10. Ne2 h3 11. g3 a6 12. O-O b5 13. Nf4 Bb7 14. Re1 Qd6 15. a4
b4 16. c4 bxc3 17. bxc3 Rg8 18. Ne5 Nd7 19. Rb1 Ra7 20. Qh5 Nxe5 21. Rxe5 Kf8
22. Rbe1 Bc8 23. Qh6+ Ke8 24. Bxf5 Bf8 25. Qxh3 Bg7 26. R5e3 Bxd4 27. cxd4 Qxf4
28. Bxe6 1-0

[Event "Titled Tue 3rd Jan Late"]
[Site "chess.com INT"]
[Date "2025.06.03"]
[Round "1"]
[White "Khademi, Mohammad Miran"]
[Black "Niemann, Hans Moke"]
[Result "0-1"]
[WhiteTitle "FM"]
[BlackTitle "GM"]
[WhiteElo "2138"]
[BlackElo "2736"]
[WhiteFideId "12503550"]
[BlackFideId "2093596"]
[EventDate "2025.06.03"]

1. e4 e5 2. Nf3 Nc6 3. Bc4 Nf6 4. d3 Be7 5. O-O O-O 6. a4 d5 7. exd5 Nxd5 8. Re1
Bg4 9. h3 Bh5 10. g4 Bg6 11. Nxe5 Nxe5 12. Rxe5 c6 13. Nc3 Bd6 14. Re1 Nxc3 15.
bxc3 Kh8 16. Qf3 Qh4 17. Bf4 Bxf4 18. Qxf4 f5 19. Qg3 Qf6 20. g5 Qxc3 21. Rab1
f4 22. Qh4 b6 23. Re6 Qxc2 24. Rxg6 Qxb1+ 25. Kh2 Qb2 26. Rxc6 Qe5 27. Re6 Qf5
28. Re4 Rae8 29. g6 Qxg6 30. Bd5 f3 31. Rg4 Qd6+ 0-1

[Event "Titled Tue 3rd Jan Late"]
[Site "chess.com INT"]
[Date "2025.06.03"]
[Round "1"]
[White "De Sousa, Antonio Micaias Silva"]
[Black "Holinka, Henning"]
[Result "0-1"]
[BlackTitle "FM"]
[WhiteElo "2007"]
[BlackElo "2303"]
[WhiteFideId "22798528"]
[BlackFideId "12967084"]
[EventDate "2025.06.03"]

1. e4 a5 2. d4 b6 3. Bd3 Bb7 4. Nf3 g6 5. O-O Bg7 6. c3 d6 7. Nbd2 Nd7 8. Re1 e5
9. Nf1 Ne7 10. Ng3 O-O 11. a4 Nc6 12. Bc4 exd4 13. cxd4 Nf6 14. Bb3 Nb4 15. Bf4
Re8 16. d5 Nd7 17. Qd2 Nc5 18. Nd4 Bxd4 0-1

[Event "Titled Tue 3rd Jan Late"]
[Site "chess.com INT"]
[Date "2025.06.03"]
[Round "1"]
[White "Albores, Pablo"]
[Black "Annaberdiyev, Babageldi"]
[Result "0-1"]
[WhiteTitle "CM"]
[BlackTitle "FM"]
[WhiteElo "2220"]
[BlackElo "2208"]
[WhiteFideId "105546"]
[BlackFideId "14000385"]
[EventDate "2025.06.03"]

1. c4 e6 2. Nc3 d5 3. g3 f5 4. Bg2 Nf6 5. Nf3 c6 6. O-O Bd6 7. d4 O-O 8. b3 Nbd7
9. Bg5 Qe7 10. c5 Bc7 11. b4 e5 12. dxe5 Nxe5 13. Nd4 a6 14. e3 h6 15. Bxf6 Qxf6
16. h4 Bd7 17. a4 Rae8 18. Qb3 Kh8 19. b5 axb5 20. axb5 Ng4 21. bxc6 Bxc6 22.
Ncb5 Bxg3 23. fxg3 Rxe3 24. Qc2 Rxg3 25. Rxf5 Qe7 26. Rxf8+ Qxf8 27. Qf5 Rxg2+
28. Kh1 Qxf5 29. Nxf5 d4 30. Ra8+ Kh7 31. Na7 Rh2+ 32. Kg1 Rh1# 0-1

[Event "Titled Tue 3rd Jan Late"]
[Site "chess.com INT"]
[Date "2025.06.03"]
[Round "1"]
[White "Garcia Gracia, Victor Hugo"]
[Black "Dubnevych, Maksym"]
[Result "0-1"]
[WhiteTitle "CM"]
[BlackTitle "FM"]
[WhiteElo "2206"]
[BlackElo "2292"]
[WhiteFideId "22295755"]
[BlackFideId "14184001"]
[EventDate "2025.06.03"]

1. e4 e5 2. Nf3 Nc6 3. Bb5 a6 4. Ba4 Bc5 5. O-O Nge7 6. c3 Ng6 7. d4 Ba7 8. d5
Nce7 9. d6 cxd6 10. Qxd6 O-O 11. Bg5 Bb8 12. Qd3 d6 13. Nbd2 b5 14. Bb3 Bb7 15.
Rad1 h6 16. Be3 Kh7 17. Rfe1 Bc7 18. Nf1 f5 19. exf5 Nxf5 20. Qb1 Bxf3 21. gxf3
Nfh4 22. Kh1 Qd7 23. Ng3 Nxf3 24. Rg1 Nxg1 25. Rxg1 Qc6+ 26. Rg2 d5 27. Nh5 e4
28. Qg1 Rad8 29. Bd4 Rf7 30. Bd1 Rdd7 31. Bg4 Rde7 32. Ng3 Nh4 33. Nf5 Nxg2 34.
Nxe7 Rxe7 35. Bf5+ g6 36. Qxg2 gxf5 37. Qh3 Qg6 0-1

[Event "Titled Tue 3rd Jan Late"]
[Site "chess.com INT"]
[Date "2025.06.03"]
[Round "1"]
[White "Smieszek, Wojciech"]
[Black "Kravtsiv, Martyn"]
[Result "0-1"]
[WhiteTitle "CM"]
[BlackTitle "GM"]
[WhiteElo "2141"]
[BlackElo "2598"]
[WhiteFideId "1156047"]
[BlackFideId "14113147"]
[EventDate "2025.06.03"]

1. e4 e5 2. Nf3 Nc6 3. Bb5 a6 4. Ba4 Nf6 5. Qe2 b5 6. Bb3 Be7 7. c3 O-O 8. O-O
Bb7 9. Rd1 d5 10. d3 h6 11. Nbd2 Re8 12. Nf1 Bf8 13. Ne3 Na5 14. Bc2 c5 15. exd5
Nxd5 16. Nxd5 Qxd5 17. a4 Nb3 18. c4 Nd4 19. cxd5 Nxe2+ 20. Kf1 Nxc1 21. Rdxc1
Bxd5 22. axb5 axb5 23. Rxa8 Bxa8 24. Nd2 Rd8 25. Ra1 c4 26. Ne4 Bxe4 27. dxe4
Rd2 28. Bd1 Rxb2 29. Rc1 Ba3 30. Ra1 Bc5 31. Be2 g6 32. g3 Bd4 33. Ra8+ Kg7 34.
Rc8 c3 35. Ke1 b4 36. f4 b3 37. fxe5 Rb1+ 38. Bd1 c2 0-1

[Event "Titled Tue 3rd Jan Late"]
[Site "chess.com INT"]
[Date "2025.06.03"]
[Round "1"]
[White "Erdogmus, Yagiz Kaan"]
[Black "Argandona Riveiro, Inigo"]
[Result "1-0"]
[WhiteTitle "GM"]
[BlackTitle "IM"]
[WhiteElo "2618"]
[BlackElo "2333"]
[WhiteFideId "44599790"]
[BlackFideId "2212072"]
[EventDate "2025.06.03"]

1. b3 d6 2. Bb2 e5 3. c4 a5 4. d4 exd4 5. Bxd4 Nc6 6. Bb2 a4 7. Nf3 Nf6 8. e3
Be7 9. Be2 O-O 10. O-O Re8 11. Nc3 a3 12. Bc1 Bf8 13. h3 g6 14. Nb5 Bg7 15. Bxa3
Ne4 16. Rc1 Nc3 17. Nxc3 Rxa3 18. Qd2 Bf5 19. Nb5 Ra8 20. a3 Na5 21. Bd1 Qe7 22.
Nfd4 Be4 23. Nc3 Bc6 24. Qd3 Be4 25. Qd2 Nc6 26. Nxe4 Qxe4 27. Bf3 Nxd4 28. Bxe4
Nxb3 29. Qc2 Nxc1 30. Rxc1 1-0

[Event "Titled Tue 3rd Jan Late"]
[Site "chess.com INT"]
[Date "2025.06.03"]
[Round "1"]
[White "Diaz Cesar, Wilsaida Pieranlly"]
[Black "Van Roon, Sjoerd"]
[Result "0-1"]
[WhiteTitle "WFM"]
[BlackTitle "FM"]
[WhiteElo "1892"]
[BlackElo "2258"]
[WhiteFideId "6403557"]
[BlackFideId "1051075"]
[EventDate "2025.06.03"]

1. e4 c5 2. Nf3 Nc6 3. d4 cxd4 4. Nxd4 Nf6 5. Nc3 d6 6. Be2 g6 7. Bg5 Bg7 8. Qd2
Nxd4 9. Qxd4 O-O 10. Qd2 a6 11. Bh6 b5 12. Bxg7 Kxg7 13. a3 Be6 14. O-O Rc8 15.
Rad1 Qb6 16. Kh1 Kg8 17. f4 Bc4 18. f5 a5 19. fxg6 fxg6 20. Bxc4+ Rxc4 21. Nd5
Qd8 22. Nxf6+ Rxf6 23. Rxf6 exf6 24. Qd5+ Kg7 25. Qxb5 Rxe4 26. h3 Qc7 27. Qd5
Re2 28. c3 Rxb2 29. Qxd6 Qxd6 30. Rxd6 Rb3 31. c4 Rxa3 32. c5 Rc3 33. c6 a4 34.
Rd7+ Kh6 35. c7 a3 36. g4 a2 37. Rd1 Rxc7 38. Kg2 Kg5 39. Ra1 Rc2+ 40. Kg3 Rc3+
41. Kg2 Kh4 42. Rxa2 Rxh3 43. Ra4 Rg3+ 44. Kh2 Rxg4 45. Ra3 h5 46. Rb3 f5 47.
Rc3 Kg5 48. Kh3 h4 49. Rc5 Rg3+ 50. Kh2 Kg4 51. Rc4+ f4 52. Rc6 g5 53. Rc5 h3
54. Rc2 Rg2+ 55. Rxg2+ hxg2 56. Kxg2 f3+ 57. Kf2 Kf4 58. Kg1 Kg3 59. Kf1 f2 60.
Ke2 Kg2 0-1

[Event "Titled Tue 3rd Jan Late"]
[Site "chess.com INT"]
[Date "2025.06.03"]
[Round "1"]
[White "Gustafsson, Jan"]
[Black "Pereyra, Horacio"]
[Result "1-0"]
[WhiteTitle "GM"]
[WhiteElo "2591"]
[BlackElo "2133"]
[WhiteFideId "4625498"]
[BlackFideId "113700"]
[EventDate "2025.06.03"]

1. c4 g6 2. e4 Bg7 3. d4 d6 4. Nc3 Nd7 5. Nf3 e5 6. Be2 Ne7 7. O-O Nc6 8. Be3
O-O 9. d5 Ne7 10. Nd2 f5 11. f3 Nf6 12. c5 f4 13. Bf2 g5 14. Nc4 h5 15. cxd6
cxd6 16. Nb5 Ne8 17. Nxa7 Ng6 18. Nxc8 Rxc8 19. Qb3 Qe7 20. Na5 Nf6 21. Rac1 g4
22. Qxb7 Qxb7 23. Nxb7 Rb8 24. Nxd6 Rxb2 25. Bc4 g3 26. hxg3 fxg3 27. Bxg3 Bh6
28. Rb1 Be3+ 29. Kh1 Rc2 30. Bb3 Rd2 31. Nf5 Bf4 32. d6+ Kh8 33. Rfd1 Rxd1+ 34.
Rxd1 Rd8 35. Bxf4 Nxf4 36. g3 Ng6 37. a4 Nd7 38. Bf7 Kh7 39. a5 Nc5 40. Rd5 Na6
41. Bxg6+ Kxg6 42. Rxe5 Kf6 43. Rb5 Ra8 44. Kh2 Nb8 45. Nd4 Nd7 46. f4 1-0

[Event "Titled Tue 3rd Jan Late"]
[Site "chess.com INT"]
[Date "2025.06.03"]
[Round "1"]
[White "Barwinska, Ewa"]
[Black "Zieba, Hubert"]
[Result "0-1"]
[WhiteTitle "WFM"]
[BlackTitle "CM"]
[WhiteElo "2014"]
[BlackElo "2233"]
[WhiteFideId "21833761"]
[BlackFideId "21844704"]
[EventDate "2025.06.03"]

1. e4 c5 2. Nf3 Nc6 3. d4 cxd4 4. Nxd4 g6 5. c4 Nf6 6. Nc3 d6 7. Be3 Ng4 8. Bc1
Qb6 9. h3 Nxf2 10. Kxf2 Bg7 11. Ne2 Nxd4 12. Be3 e5 13. b3 f5 14. exf5 O-O 15.
Kg1 Rxf5 16. Nxd4 exd4 17. Bf2 Rxf2 18. Kxf2 d3+ 19. Kf3 Bd7 20. Bxd3 Rf8+ 21.
Kg3 Qf2+ 22. Kh2 Be5# 0-1

[Event "Titled Tue 3rd Jan Late"]
[Site "chess.com INT"]
[Date "2025.06.03"]
[Round "1"]
[White "Semenova, Alina"]
[Black "Fieberg, Samuel"]
[Result "0-1"]
[WhiteTitle "WFM"]
[BlackTitle "FM"]
[WhiteElo "2084"]
[BlackElo "2157"]
[WhiteFideId "24113875"]
[BlackFideId "12901717"]
[EventDate "2025.06.03"]

1. e4 e6 2. d4 d5 3. exd5 exd5 4. Bd3 Nc6 5. c3 Bd6 6. Qf3 Nce7 7. Ne2 c6 8. O-O
Ng6 9. h3 N8e7 10. Nf4 Qc7 11. Nh5 O-O 12. Na3 f5 13. Bg5 h6 14. Bxe7 Qxe7 15.
Rae1 Qf7 16. g3 f4 17. g4 Nh4 18. Qe2 g6 19. Bxg6 Qxg6 20. c4 f3 21. Qc2 Qxc2
22. Nxc2 Ng6 23. cxd5 cxd5 0-1

[Event "Titled Tue 3rd Jan Late"]
[Site "chess.com INT"]
[Date "2025.06.03"]
[Round "1"]
[White "Dambaev, Dashi"]
[Black "Ambartsumian, Tyhran"]
[Result "0-1"]
[WhiteTitle "CM"]
[BlackTitle "CM"]
[WhiteElo "2211"]
[BlackElo "2179"]
[WhiteFideId "55628494"]
[BlackFideId "34161112"]
[EventDate "2025.06.03"]

1. d4 Nf6 2. c4 g6 3. g3 Bg7 4. Bg2 O-O 5. Nc3 d6 6. Nf3 c6 7. O-O Bf5 8. Nh4
Bd7 9. e4 e5 10. Nf3 Qe7 11. h3 Na6 12. Be3 Rfe8 13. Qc2 exd4 14. Nxd4 Nc5 15.
f3 Nh5 16. b4 Na6 17. Kh2 Nxb4 18. Qb3 c5 19. Ndb5 Bc6 20. Nd5 Bxd5 21. cxd5 a6
22. Nc3 b5 23. a3 Nd3 24. Rad1 Rec8 25. Qc2 c4 26. Ne2 Nc5 27. Nd4 Nd3 28. Nc6
Qd7 29. f4 Nf6 30. Bd4 Ne8 31. Bxg7 Nxg7 32. e5 dxe5 33. fxe5 Nf5 34. Qc3 Ne3
35. Rf3 Nxd1 36. Qd2 Rxc6 37. dxc6 Qxc6 38. Rf6 Qc8 39. Bxa8 Qxa8 40. Qxd1 Qe4
41. Qf1 Nxe5 42. Rxa6 Nf3+ 43. Kg2 Nd2+ 0-1

[Event "Titled Tue 3rd Jan Late"]
[Site "chess.com INT"]
[Date "2025.06.03"]
[Round "1"]
[White "Shehzad, Shazil"]
[Black "Hiwale, Ronak"]
[Result "1-0"]
[WhiteTitle "FM"]
[WhiteElo "2354"]
[BlackElo "2105"]
[WhiteFideId "1521942"]
[BlackFideId "30975336"]
[EventDate "2025.06.03"]

1. e4 g6 2. d4 Bg7 3. Nf3 d6 4. Bd3 Nf6 5. O-O O-O 6. c3 Nc6 7. d5 Nb8 8. c4 e5
9. Nc3 Ne8 10. b4 f5 11. c5 f4 12. Nd2 g5 13. Be2 Nf6 14. Nc4 Rf7 15. f3 h5 16.
cxd6 cxd6 17. Nb5 Bf8 18. Bb2 g4 19. Rc1 g3 20. Ncxd6 Bxd6 21. Rxc8 Qxc8 22.
Nxd6 Qd8 23. Nxf7 Kxf7 24. Bxe5 gxh2+ 25. Kh1 Nbd7 26. Bxf4 Qg8 27. e5 Nxe5 28.
Bxe5 Qg5 29. f4 Qh4 30. Bxf6 Qxf6 31. Bxh5+ Kg7 32. Qg4+ Kh6 33. f5 Rg8 34. Qxg8
Kxh5 35. Qg6+ Qxg6 36. fxg6 1-0

[Event "Titled Tue 3rd Jan Late"]
[Site "chess.com INT"]
[Date "2025.06.03"]
[Round "1"]
[White "Ahmad, Khagan"]
[Black "Ozen, Batuhan"]
[Result "1-0"]
[WhiteTitle "IM"]
[BlackTitle "CM"]
[WhiteElo "2405"]
[BlackElo "2128"]
[WhiteFideId "13431552"]
[BlackFideId "6345123"]
[EventDate "2025.06.03"]

1. d4 Nf6 2. c4 e6 3. Nf3 b6 4. Nc3 Bb7 5. a3 d6 6. Qc2 Nbd7 7. e4 e5 8. d5 Be7
9. Be3 Ng4 10. Bd2 O-O 11. h3 Ngf6 12. Be2 a5 13. O-O c6 14. b4 cxd5 15. cxd5
Rc8 16. Qb3 Qc7 17. Rfb1 Rb8 18. Bd3 Rfc8 19. Nb5 Qd8 20. Be3 Ne8 21. Nd2 Bg5
22. Bxg5 Qxg5 23. Nc4 Qe7 24. bxa5 Nc5 25. Qd1 bxa5 26. Na7 Rd8 27. Nxa5 Ba6 28.
N7c6 Rxb1 29. Nxe7+ 1-0

[Event "Titled Tue 3rd Jan Late"]
[Site "chess.com INT"]
[Date "2025.06.03"]
[Round "1"]
[White "Pribelszky, Bence"]
[Black "Garcia Hernandez, Rebeca"]
[Result "1-0"]
[WhiteTitle "IM"]
[BlackTitle "WCM"]
[WhiteElo "2400"]
[BlackElo "1903"]
[WhiteFideId "769738"]
[BlackFideId "5180872"]
[EventDate "2025.06.03"]

1. e4 c5 2. Nc3 d6 3. Nf3 a6 4. d4 cxd4 5. Nxd4 e5 6. Nf3 Nf6 7. Be3 Be7 8. Bc4
O-O 9. O-O Be6 10. Bb3 h6 11. a4 Nc6 12. Re1 Rc8 13. Nd5 Bxd5 14. exd5 Na5 15.
Ba2 Nc4 16. Bc1 Qc7 17. c3 b5 18. axb5 axb5 19. Nh4 Qd7 20. Qd3 e4 21. Qd4 Ne5
22. Bf4 Nd3 23. Bg3 Nxe1 24. Rxe1 Nh5 25. Qxe4 Nxg3 26. hxg3 Bxh4 27. Bb1 f5 28.
Qxh4 Rfe8 29. Rf1 Qf7 30. Qd4 Rc5 31. Bc2 Rcc8 32. Bd3 Qd7 33. Qb4 Rc5 34. Rd1
Kh8 35. Bc2 Re5 36. Bb3 Rc8 37. Qa5 Rce8 38. c4 Re1+ 39. Rxe1 1-0

[Event "Titled Tue 3rd Jan Late"]
[Site "chess.com INT"]
[Date "2025.06.03"]
[Round "1"]
[White "Przybylski, Bartosz"]
[Black "Melendez Manuel A."]
[Result "1-0"]
[WhiteTitle "CM"]
[BlackTitle "FM"]
[WhiteElo "2107"]
[BlackElo "2154"]
[WhiteFideId "21878323"]
[BlackFideId "6706800"]
[EventDate "2025.06.03"]

1. d4 d5 2. Nc3 e6 3. e4 Bb4 4. e5 c5 5. a3 Bxc3+ 6. bxc3 Ne7 7. Qg4 Qa5 8. Bd2
Nbc6 9. Qxg7 Rg8 10. Qxh7 Qa4 11. Bd3 cxd4 12. Ne2 dxc3 13. Bxc3 Bd7 14. Rb1
O-O-O 15. O-O a6 16. Rb6 d4 17. Bd2 Nd5 18. Rb3 Nxe5 19. Qe4 Nxd3 20. Qxd3 Bc6
21. f3 e5 22. Rfb1 Rg6 23. Qf5+ Kb8 24. Qxf7 Rdg8 25. Rxb7+ 1-0

[Event "Titled Tue 3rd Jan Late"]
[Site "chess.com INT"]
[Date "2025.06.03"]
[Round "1"]
[White "Florescu, Codrut-Constantin"]
[Black "Gonzalez Vega, Alejandro"]
[Result "1-0"]
[WhiteTitle "IM"]
[BlackTitle "FM"]
[WhiteElo "2193"]
[BlackElo "2092"]
[WhiteFideId "1202200"]
[BlackFideId "3510042"]
[EventDate "2025.06.03"]

1. d4 d5 2. Nf3 Nf6 3. c4 e6 4. Nc3 Bb4 5. e3 c5 6. Bd2 Nc6 7. a3 Bxc3 8. Bxc3
Ne4 9. Rc1 O-O 10. dxc5 Nxc5 11. cxd5 exd5 12. Bxg7 Kxg7 13. Rxc5 Be6 14. Be2
Qf6 15. Qd2 Rfd8 16. O-O Rd7 17. Rfc1 Rad8 18. Nd4 Ne5 19. Nxe6+ fxe6 20. Rc7
Nc6 21. Rxd7+ Rxd7 22. Bb5 Rd6 23. Bxc6 bxc6 24. f4 e5 25. fxe5 Qxe5 26. Qd4 Re6
27. Qxe5+ Rxe5 28. Kf2 Re6 29. Rc5 Kf6 30. Ra5 Re7 31. Ra6 Rc7 32. Kf3 Ke5 33.
b4 d4 34. exd4+ Kxd4 35. Ra5 c5 36. Rxc5 Rxc5 37. bxc5 Kxc5 38. g4 a5 39. h4 a4
40. g5 Kc4 41. h5 Kb3 42. g6 Kxa3 43. gxh7 Kb2 44. h8=Q+ 1-0

[Event "Titled Tue 3rd Jan Late"]
[Site "chess.com INT"]
[Date "2025.06.03"]
[Round "1"]
[White "Ferraz, Michel Liah"]
[Black "Sethuraman, Roshan"]
[Result "1-0"]
[WhiteElo "1998"]
[BlackElo "2074"]
[WhiteFideId "22743219"]
[BlackFideId "30965250"]
[EventDate "2025.06.03"]

1. d4 Nf6 2. c4 e6 3. Nc3 Bb4 4. Qc2 O-O 5. Nf3 c5 6. e3 cxd4 7. exd4 d5 8. cxd5
Nxd5 9. Bd3 h6 10. O-O Nc6 11. a3 Be7 12. b4 a6 13. Bb2 Bf6 14. Ne4 Be7 15. Rfd1
Nf4 16. Bf1 Bd7 17. Nc5 Qc7 18. Qe4 Nd5 19. Rac1 Rad8 20. g3 Bf6 21. Ne5 Be8 22.
h4 Qb8 23. Nxa6 bxa6 24. Nxc6 Bxc6 25. Rxc6 a5 26. b5 Qb7 27. a4 Ne7 28. Rxe6
Qd7 29. Ra6 Nd5 30. Bd3 g6 31. Bc4 Bg7 32. Rxa5 Nb6 33. Bb3 Kh7 34. Ra6 Nc8 35.
h5 Nd6 36. hxg6+ fxg6 37. Qd3 Rf6 38. d5 Rf7 39. Bxg7 Kxg7 40. Bc2 Qg4 41. Qd4+ 1-0

[Event "Titled Tue 3rd Jan Late"]
[Site "chess.com INT"]
[Date "2025.06.03"]
[Round "1"]
[White "Asish Panda"]
[Black "Bullen, Alex"]
[Result "1-0"]
[BlackTitle "CM"]
[WhiteElo "1911"]
[BlackElo "2160"]
[WhiteFideId "45012458"]
[BlackFideId "1801627"]
[EventDate "2025.06.03"]

1. e4 d5 2. exd5 Qxd5 3. Nc3 Qd6 4. Nf3 Nf6 5. d4 g6 6. Bc4 Bg7 7. O-O O-O 8.
Re1 a6 9. Bb3 b5 10. Bg5 Bb7 11. Bh4 e6 12. Bg3 Qe7 13. d5 Kh8 14. dxe6 fxe6 15.
Rxe6 Qc5 16. Qe2 Nh5 17. Rd1 Nxg3 18. hxg3 Nc6 19. Rd7 Bc8 20. Rxc7 Bxe6 21.
Qxe6 Rf6 22. Qd7 Qf8 23. Rxc6 Rd8 24. Rxf6 Qxf6 25. Qe6 Qf8 26. Ng5 Bxc3 27.
Nf7+ Kg7 28. Nxd8 Bxb2 29. Qd7+ Kh6 30. Qd2+ Kg7 31. Ne6+ Kg8 32. Nxf8+ Kg7 33.
Qd7+ Kh6 34. f4 Bd4+ 35. Kh1 a5 36. Qh3+ Kg7 37. Qd7+ Kh6 38. Qxh7# 1-0

[Event "Titled Tue 3rd Jan Late"]
[Site "chess.com INT"]
[Date "2025.06.03"]
[Round "1"]
[White "Bortnyk, Olexandr"]
[Black "Dudzinski, Pawel"]
[Result "1-0"]
[WhiteTitle "GM"]
[BlackTitle "FM"]
[WhiteElo "2601"]
[BlackElo "2191"]
[WhiteFideId "14120828"]
[BlackFideId "1117890"]
[EventDate "2025.06.03"]

1. d4 f5 2. Bf4 Nf6 3. e3 d5 4. c4 c6 5. Nc3 e6 6. Bd3 Be7 7. Nf3 O-O 8. O-O Ne4
9. h3 Bd7 10. Qb3 Qb6 11. c5 Qxb3 12. axb3 Nxc3 13. bxc3 a6 14. c4 Be8 15. b4
Nd7 16. b5 Bh5 17. bxc6 bxc6 18. cxd5 exd5 19. Rfb1 Bxf3 20. gxf3 a5 21. Rb7
Rfd8 22. Bxf5 Nxc5 23. Rxe7 Nb3 24. Ra4 c5 25. Be6+ Kf8 26. Rf7+ Ke8 27. Rxg7
cxd4 28. Bg5 1-0

[Event "Titled Tue 3rd Jan Late"]
[Site "chess.com INT"]
[Date "2025.06.03"]
[Round "1"]
[White "Adewumi, Tanitoluwa"]
[Black "Garcia Almaguer, Juan Manuel"]
[Result "1-0"]
[WhiteTitle "FM"]
[BlackTitle "CM"]
[WhiteElo "2376"]
[BlackElo "2142"]
[WhiteFideId "30966396"]
[BlackFideId "5110491"]
[EventDate "2025.06.03"]

1. Nf3 Nf6 2. b3 d5 3. Bb2 Bf5 4. g3 Nbd7 5. Bg2 c5 6. O-O Qc7 7. d3 e6 8. h3
Bd6 9. c4 O-O 10. Nc3 a6 11. Nh4 d4 12. Nb1 g5 13. Nxf5 exf5 14. e3 Rae8 15.
exd4 cxd4 16. Bxd4 Be5 17. Bxe5 Qxe5 18. d4 Qb8 19. Nc3 f4 20. Qd3 Re7 21. Rae1
Rfe8 22. Rxe7 Rxe7 23. Qf5 h6 24. gxf4 gxf4 25. Bf3 Qd6 26. Rd1 b6 27. Ne2 Re5
28. dxe5 Qxd1+ 29. Kg2 1-0